000
00309nam a2200133Ia 4500
008
240624s9999 xx 000 0 und d
041
_a
eng
082
_a
823 CON
100
_a
CONNELLY MICHAEL
245
_a
LOST LIGHT
260
_c
2009
_a
London
_b
Orion Books
300
_a
341 : p. : cm. ; 20
365
_c
RS
999
_c
20901
_d
20901